<?xml version="1.0" encoding="UTF-8"?>
<record
    xmlns:xsi="http://www.w3.org/2001/XMLSchema-instance"
    xsi:schemaLocation="http://www.loc.gov/MARC21/slim http://www.loc.gov/standards/marcxml/schema/MARC21slim.xsd"
    xmlns="http://www.loc.gov/MARC21/slim">

  <leader>00599nam a22001337a 4500</leader>
  <datafield tag="040" ind1=" " ind2=" ">
    <subfield code="c">RUA </subfield>
  </datafield>
  <datafield tag="082" ind1=" " ind2=" ">
    <subfield code="a">ATM LAN 2011 B199 Or.1</subfield>
  </datafield>
  <datafield tag="100" ind1=" " ind2=" ">
    <subfield code="a">LANG SAVOEURN; &#x17A1;&#x17B6;&#x1784; &#x179F;&#x17B6;&#x179C;&#x17BF;&#x1793;</subfield>
  </datafield>
  <datafield tag="245" ind1=" " ind2=" ">
    <subfield code="a">Effect on dipped cucumber seeds by using uniconazole, &#x17A5;&#x1791;&#x17D2;&#x1792;&#x17B7;&#x1796;&#x179B;&#x1793;&#x17C3;&#x1780;&#x17B6;&#x179A;&#x1794;&#x17D2;&#x179A;&#x17BE;&#x1794;&#x17D2;&#x179A;&#x17B6;&#x179F;&#x17CB; Uniconazole &#x1791;&#x17C5;&#x179B;&#x17BE;&#x1780;&#x17B6;&#x179A;&#x178F;&#x17D2;&#x179A;&#x17C6;&#x17B6;&#x1782;&#x17D2;&#x179A;&#x17B6;&#x1794;&#x17CB;&#x1796;&#x17BC;&#x1787;&#x178F;&#x17D2;&#x179A;&#x179F;&#x1780;&#x17CB;.</subfield>
  </datafield>
  <datafield tag="260" ind1=" " ind2=" ">
    <subfield code="a">Phnom Penh </subfield>
    <subfield code="b">RUA </subfield>
    <subfield code="c">2011</subfield>
  </datafield>
  <datafield tag="300" ind1=" " ind2=" ">
    <subfield code="a">ix; 39p.</subfield>
    <subfield code="b">ill.</subfield>
    <subfield code="c">29cm.</subfield>
  </datafield>
  <datafield tag="856" ind1=" " ind2=" ">
    <subfield code="u">https://drive.google.com/file/d/1TTWj1mwYI6J1L2KExNAFHtYMiRc36jH4/view?usp=sharing</subfield>
  </datafield>
  <datafield tag="942" ind1=" " ind2=" ">
    <subfield code="c">ATM</subfield>
  </datafield>
  <datafield tag="999" ind1=" " ind2=" ">
    <subfield code="c">4308</subfield>
    <subfield code="d">4308</subfield>
  </datafield>
  <datafield tag="952" ind1=" " ind2=" ">
    <subfield code="0">0</subfield>
    <subfield code="1">0</subfield>
    <subfield code="2">ddc</subfield>
    <subfield code="4">0</subfield>
    <subfield code="6">ATM_LAN_2011_000000000000000_B199_OR_1</subfield>
    <subfield code="7">0</subfield>
    <subfield code="9">21853</subfield>
    <subfield code="a">LBB</subfield>
    <subfield code="b">LBB</subfield>
    <subfield code="c">B199</subfield>
    <subfield code="d">2015-12-09</subfield>
    <subfield code="o">ATM LAN 2011 B199 Or.1</subfield>
    <subfield code="p">RUA046535</subfield>
    <subfield code="r">2015-12-09</subfield>
    <subfield code="w">2015-12-09</subfield>
    <subfield code="y">ATM</subfield>
  </datafield>
  <datafield tag="952" ind1=" " ind2=" ">
    <subfield code="0">0</subfield>
    <subfield code="1">0</subfield>
    <subfield code="2">ddc</subfield>
    <subfield code="4">0</subfield>
    <subfield code="6">ATM_LAN_2011_000000000000000_B199_OR_2</subfield>
    <subfield code="7">0</subfield>
    <subfield code="9">21854</subfield>
    <subfield code="a">LBB</subfield>
    <subfield code="b">LBB</subfield>
    <subfield code="c">B199</subfield>
    <subfield code="d">2015-12-09</subfield>
    <subfield code="l">1</subfield>
    <subfield code="o">ATM LAN 2011 B199 Or.2</subfield>
    <subfield code="p">RUA047575</subfield>
    <subfield code="r">2017-11-10</subfield>
    <subfield code="s">2017-10-11</subfield>
    <subfield code="w">2015-12-09</subfield>
    <subfield code="y">ATM</subfield>
  </datafield>
  <datafield tag="952" ind1=" " ind2=" ">
    <subfield code="0">0</subfield>
    <subfield code="1">0</subfield>
    <subfield code="2">ddc</subfield>
    <subfield code="4">0</subfield>
    <subfield code="6">ATM_LAN_2011_000000000000000_B199_OR_3</subfield>
    <subfield code="7">0</subfield>
    <subfield code="9">21855</subfield>
    <subfield code="a">LBB</subfield>
    <subfield code="b">LBB</subfield>
    <subfield code="c">B199</subfield>
    <subfield code="d">2015-12-09</subfield>
    <subfield code="o">ATM LAN 2011 B199 Or.3</subfield>
    <subfield code="p">RUA039017</subfield>
    <subfield code="r">2015-12-09</subfield>
    <subfield code="w">2015-12-09</subfield>
    <subfield code="y">ATM</subfield>
  </datafield>
  <datafield tag="952" ind1=" " ind2=" ">
    <subfield code="0">0</subfield>
    <subfield code="1">0</subfield>
    <subfield code="2">ddc</subfield>
    <subfield code="4">0</subfield>
    <subfield code="6">ATM_LAN_2011_000000000000000_B199_OR_4</subfield>
    <subfield code="7">0</subfield>
    <subfield code="9">21856</subfield>
    <subfield code="a">LBB</subfield>
    <subfield code="b">LBB</subfield>
    <subfield code="c">B199</subfield>
    <subfield code="d">2015-12-09</subfield>
    <subfield code="o">ATM LAN 2011 B199 Or.4</subfield>
    <subfield code="p">RUA038101</subfield>
    <subfield code="r">2015-12-09</subfield>
    <subfield code="w">2015-12-09</subfield>
    <subfield code="y">ATM</subfield>
  </datafield>
  <datafield tag="952" ind1=" " ind2=" ">
    <subfield code="0">0</subfield>
    <subfield code="1">0</subfield>
    <subfield code="2">ddc</subfield>
    <subfield code="4">0</subfield>
    <subfield code="6">ATM_LAN_2011_000000000000000_B199_OR_5</subfield>
    <subfield code="7">0</subfield>
    <subfield code="9">21857</subfield>
    <subfield code="a">LBB</subfield>
    <subfield code="b">LBB</subfield>
    <subfield code="c">B199</subfield>
    <subfield code="d">2015-12-09</subfield>
    <subfield code="l">1</subfield>
    <subfield code="o">ATM LAN 2011 B199 Or.5</subfield>
    <subfield code="p">RUA039180</subfield>
    <subfield code="r">2016-06-22</subfield>
    <subfield code="s">2016-06-15</subfield>
    <subfield code="w">2015-12-09</subfield>
    <subfield code="y">ATM</subfield>
  </datafield>
  <datafield tag="952" ind1=" " ind2=" ">
    <subfield code="0">0</subfield>
    <subfield code="1">0</subfield>
    <subfield code="2">ddc</subfield>
    <subfield code="4">0</subfield>
    <subfield code="6">ATM_LAN_2011_000000000000000_B199_OR_6</subfield>
    <subfield code="7">0</subfield>
    <subfield code="9">21858</subfield>
    <subfield code="a">LBB</subfield>
    <subfield code="b">LBB</subfield>
    <subfield code="c">B199</subfield>
    <subfield code="d">2015-12-09</subfield>
    <subfield code="o">ATM LAN 2011 B199 Or.6</subfield>
    <subfield code="p">RUA038513</subfield>
    <subfield code="r">2015-12-09</subfield>
    <subfield code="w">2015-12-09</subfield>
    <subfield code="y">ATM</subfield>
  </datafield>
  <datafield tag="952" ind1=" " ind2=" ">
    <subfield code="0">0</subfield>
    <subfield code="1">0</subfield>
    <subfield code="2">ddc</subfield>
    <subfield code="4">0</subfield>
    <subfield code="6">ATM_LAN_2011_000000000000000_B199_OR_7</subfield>
    <subfield code="7">0</subfield>
    <subfield code="9">21859</subfield>
    <subfield code="a">LBB</subfield>
    <subfield code="b">LBB</subfield>
    <subfield code="c">B199</subfield>
    <subfield code="d">2015-12-09</subfield>
    <subfield code="l">1</subfield>
    <subfield code="o">ATM LAN 2011 B199 Or.7</subfield>
    <subfield code="p">RUA038003</subfield>
    <subfield code="r">2016-05-23</subfield>
    <subfield code="s">2016-05-19</subfield>
    <subfield code="w">2015-12-09</subfield>
    <subfield code="y">ATM</subfield>
  </datafield>
  <datafield tag="952" ind1=" " ind2=" ">
    <subfield code="0">0</subfield>
    <subfield code="1">0</subfield>
    <subfield code="2">ddc</subfield>
    <subfield code="4">0</subfield>
    <subfield code="6">ATM_LAN_2011_000000000000000_B199_OR_8</subfield>
    <subfield code="7">0</subfield>
    <subfield code="9">37090</subfield>
    <subfield code="a">LBB</subfield>
    <subfield code="b">LBB</subfield>
    <subfield code="c">B199</subfield>
    <subfield code="d">2016-02-04</subfield>
    <subfield code="o">ATM LAN 2011 B199 Or.8</subfield>
    <subfield code="p">RUA038453</subfield>
    <subfield code="r">2016-02-04</subfield>
    <subfield code="w">2016-02-04</subfield>
    <subfield code="y">ATM</subfield>
  </datafield>
</record>
